000 00561nam a2200205Ia 4500
008 191130s1991##################000#0#eng##
020 _a9783110127638
040 _aACL
_cACL
082 _a421.5 MIN
100 _aMinkova, Donka
245 _aThe history of final vowels in English the sound of muting
_cDonka Minkova
250 _a1st ed
260 _aBerlin
_bMouton de Gruyter
_c1991
300 _a220 p. ; 22cm
500 _aIncludes index
650 _aHistory
990 _afd9a94c6ac10000c2f9b0d31f99028dd
991 _a385894
999 _c52694
_d52694